00331nam a2200109Ia 4500008004100000020001700041040002900058050002500087100002500112245004700137260003700184221021s9999||||xx |||||||||||||| ||und|| a185534-997-3 cChuka University Library aPR 2754 b.C88 2004  aShakespeare, William 4aThe complete works of william shakespeare. aScotlandbGeddes & Grosselc2004